[Event "Minatitlan Dominguez Memorial"]
[Site "Minatitlan"]
[Date "2022.07.09"]
[Round "7"]
[White "Tobias Jose, Asad Karim"]
[Black "Hernandez Santa Cruz Verazas, Pablo Jose"]
[Result "0-1"]
[WhiteElo "1460"]
[BlackElo "1880"]
[PlyCount "64"]
[EventDate "2022.05.28"]
[EventType "swiss"]
[EventRounds "7"]
[EventCountry "MEX"]
[SourceTitle "EXT 2023"]
[Source "ChessBase"]
[SourceDate "2022.10.05"]
[SourceVersion "1"]
[SourceVersionDate "2022.10.05"]
[SourceQuality "1"]

1. e4 e5 2. Bc4 Nf6 3. Nc3 Nc6 4. d3 Bc5 5. Nf3 d6 6. h3 Na5 7. Bb3 Nxb3 8. axb3 a6 9. Bg5 c6 10. 0-0 h6 11. Bh4 g5 12. Bg3 Nh5 13. Kh2 Nf4 14. Ne2 h5 15. d4 Bb6 16. dxe5 Nxe2 17. Qxe2 h4 18. exd6 hxg3+ 19. fxg3 g4 20. Ne5 Be6 21. Nxg4 Qg5 22. Nf6+ Kf8 23. Rad1 Rh6 24. Qf3 Kg7 25. Qc3 Rxf6 26. Rxf6 Qxf6 27. e5 Qf5 28. g4 Qf4+ 29. Kh1 Rh8 30. Rd3 Qf1+ 31. Kh2 Bg1+ 32. Kg3 Qf2# 0-1

[Event "Hibrido del Sur op U2000 6th"]
[Site "Tornelo INT"]
[Date "2022.02.26"]
[Round "4"]
[White "Hernandez Santa Cruz Verazas, Pablo Jose"]
[Black "Martinez Lopez, Jorge Antonio"]
[Result "1/2-1/2"]
[WhiteElo "1876"]
[BlackElo "1890"]
[PlyCount "151"]
[EventDate "2022.02.26"]
[EventType "swiss"]
[EventRounds "6"]
[EventCountry "VEN"]
[SourceTitle "EXT 2023"]
[Source "ChessBase"]
[SourceDate "2022.10.05"]
[SourceVersion "1"]
[SourceVersionDate "2022.10.05"]
[SourceQuality "1"]

1. e4 e6 2. d4 d5 3. Nd2 c5 4. c3 dxe4 5. Nxe4 cxd4 6. cxd4 Nc6 7. Nf3 Nf6 8. Bd3 Bb4+ 9. Bd2 0-0 10. 0-0 Bxd2 11. Nxf6+ Qxf6 12. Qxd2 h6 13. Rac1 Kh8 14. Bb1 Rd8 15. Rfd1 Ne7 16. Ne5 Bd7 17. Rc7 Bc6 18. Qc2 g6 19. Qc5 Re8 20. h4 Rac8 21. Qd6 Rxc7 22. Qxc7 Rc8 23. Qd6 Nf5 24. Bxf5 Qxf5 25. Qe7 Kg7 26. h5 Qf6 27. Qxf6+ Kxf6 28. hxg6 fxg6 29. Rc1 g5 30. f3 h5 31. Kf2 Ke7 32. Ke3 Bd7 33. Rxc8 Bxc8 34. Ke4 b6 35. b4 Bb7+ 36. Ke3 Bd5 37. a3 Kf6 38. Nd7+ Kf5 39. a4 Bc6 40. Ne5 Bxa4 41. Nc4 h4 42. Nd6+ Kf6 43. Nc8 Bd7 44. Nxa7 b5 45. Ke4 g4 46. fxg4 Kg5 47. Kf3 Be8 48. Nc8 Bc6+ 49. Kf2 Kxg4 50. Ne7 Be4 51. Nc8 Kf4 52. Ne7 Kg5 53. Nc8 Kf6 54. Na7 Bd3 55. Nc6 Kf5 56. Ne5 Ke4 57. Nf3 Kd5 58. Ke3 Bb1 59. Nxh4 Kc4 60. g4 Kxb4 61. g5 Bh7 62. g6 Bg8 63. Nf3 Kc3 64. Ng5 Kc2 65. Ne4 e5 66. dxe5 b4 67. Nc5 b3 68. Nxb3 Kxb3 69. Kf4 Be6 70. Kg5 Kc4 71. Kf6 Kd5 72. g7 Bg8 73. Kf5 Be6+ 74. Kf6 Bg8 75. Kf5 Be6+ 76. Kf6 1/2-1/2

[Event "Del Sur U2400 Hybrid op 5th"]
[Site "Tornelo INT"]
[Date "2022.01.21"]
[Round "2"]
[White "Hernandez Santa Cruz Verazas, Pablo Jose"]
[Black "Amezcua Luria, Jesus"]
[Result "0-1"]
[WhiteElo "1876"]
[BlackElo "2001"]
[PlyCount "154"]
[EventDate "2022.01.21"]
[EventType "swiss"]
[EventRounds "6"]
[EventCountry "VEN"]
[SourceTitle "EXT 2023"]
[Source "ChessBase"]
[SourceDate "2022.10.05"]
[SourceVersion "1"]
[SourceVersionDate "2022.10.05"]
[SourceQuality "1"]

1. e4 e5 2. Nf3 Nc6 3. Bc4 Bc5 4. b4 Bb6 5. 0-0 d6 6. a4 a6 7. a5 Ba7 8. c3 Nf6 9. Qb3 0-0 10. d3 Bg4 11. Ng5 Bh5 12. Kh1 Ng4 13. Ra2 h6 14. Nh3 Kh8 15. f3 Ne3 16. Bxe3 Bxe3 17. Re2 Ba7 18. g4 Bg6 19. Na3 Qh4 20. Ng1 Rab8 21. Nc2 h5 22. Rg2 Ne7 23. Qb2 c6 24. Qc1 d5 25. Bb3 Rbd8 26. Ne3 Qg5 27. Nf5 Qxc1 28. Rxc1 Bxf5 29. gxf5 dxe4 30. dxe4 Rd6 31. Re2 g6 32. Nh3 f6 33. f4 Rd3 34. Kg2 gxf5 35. fxe5 fxe5 36. Bc4 Re3 37. Rxe3 Bxe3 38. Rd1 Ng6 39. Kf3 fxe4+ 40. Kxe3 Rf3+ 41. Kxe4 Rxh3 42. Kf5 Nf8 43. Rd8 Kg7 44. Rb8 Rf3+ 45. Kg5 Nh7+ 46. Kxh5 Nf6+ 47. Kg5 Ne4+ 48. Kh5 Nd6 49. Be6 Rxc3 50. Rd8 Rd3 51. Bf5 Rd4 52. Rd7+ Kf6 53. Bg6 Ke6 54. Rc7 Rxb4 55. h4 Nf5 56. Bxf5+ Kxf5 57. Rf7+ Ke6 58. Rf8 Rb1 59. Re8+ Kf5 60. Rf8+ Ke4 61. Rf2 Rg1 62. Rb2 Rg7 63. Kh6 Rc7 64. Kg6 c5 65. h5 c4 66. h6 c3 67. Rb4+ Kd3 68. Rb3 Kd2 69. h7 Rxh7 70. Kxh7 c2 71. Rxb7 c1Q 72. Rb6 Qh1+ 73. Kg6 Qf1 74. Re6 Qb5 75. Kf5 Qxa5 76. Rxe5 Qxe5+ 77. Kxe5 Kc3 0-1

[Event "Mexico City Latinoamericano op 1st"]
[Site "Mexico City"]
[Date "2021.11.06"]
[Round "4"]
[White "Hernandez Santa Cruz Verazas, Pablo Jose"]
[Black "Montes Orozco, Miguel Angel"]
[Result "0-1"]
[WhiteElo "1889"]
[BlackElo "1909"]
[PlyCount "61"]
[EventDate "2021.11.04"]
[EventType "swiss"]
[EventRounds "9"]
[EventCountry "MEX"]
[SourceTitle "EXT 2023"]
[Source "ChessBase"]
[SourceDate "2022.10.05"]
[SourceVersion "1"]
[SourceVersionDate "2022.10.05"]
[SourceQuality "1"]

1. e4 e5 2. Nf3 Nc6 3. Bc4 Bc5 4. b4 Nxb4 5. c3 Nc6 6. d4 exd4 7. 0-0 d6 8. cxd4 Bb6 9. Qb3 Na5 10. Bxf7+ Kf8 11. Qd5 Nf6 12. Qg5 Kxf7 13. e5 h6 14. Qf4 g5 15. Qe3 Nd5 16. Qe4 Be6 17. Re1 Qe7 18. exd6 cxd6 19. Na3 Rae8 20. Nb5 Kg7 21. Ba3 Nc4 22. Bxd6 Nxd6 23. Qe5+ Qf6 24. Nxd6 Re7 25. Nf5+ Bxf5 26. Qxd5 Rd7 27. Qc4 g4 28. Ne5 Rxd4 29. Qb5 Rhd8 30. Nc4 Bd3 31. Qh5 0-1

[Event "Mexico City Latinoamericano op 1st"]
[Site "Mexico City"]
[Date "2021.11.06"]
[Round "3"]
[White "Martin Del Campo C, Jorge Arturo"]
[Black "Hernandez Santa Cruz Verazas, Pablo Jose"]
[Result "0-1"]
[WhiteElo "2051"]
[BlackElo "1889"]
[PlyCount "110"]
[EventDate "2021.11.04"]
[EventType "swiss"]
[EventRounds "9"]
[EventCountry "MEX"]
[SourceTitle "EXT 2023"]
[Source "ChessBase"]
[SourceDate "2022.10.05"]
[SourceVersion "1"]
[SourceVersionDate "2022.10.05"]
[SourceQuality "1"]

1. c4 Nf6 2. Nf3 g6 3. Nc3 d5 4. d4 Bg7 5. e3 0-0 6. Bd3 c5 7. 0-0 cxd4 8. Nxd4 e5 9. Nc2 Nc6 10. cxd5 Nxd5 11. Nxd5 Qxd5 12. Qe2 e4 13. Bc4 Qg5 14. Kh1 Qh4 15. f3 exf3 16. gxf3 Bh3 17. Rd1 Ne5 18. Bd5 Rad8 19. Ne1 Rd7 20. e4 Rfd8 21. Be3 b6 22. Rac1 h5 23. Ng2 Qf6 24. Nf4 Be6 25. Qg2 Bxd5 26. Nxd5 Qxf3 27. Bg5 Re8 28. Qxf3 Nxf3 29. Nf6+ Bxf6 30. Bxf6 Rxd1+ 31. Rxd1 g5 32. e5 Kh7 33. Kg2 g4 34. h3 Kg6 35. hxg4 hxg4 36. Kg3 Nxe5 37. Bxe5 Rxe5 38. Kxg4 Re2 39. Rd7 Rxb2 40. Rxa7 Rb4+ 41. Kf3 b5 42. Ra8 Ra4 43. Rb8 b4 44. Rb5 f5 45. Rb8 Kg5 46. Rg8+ Kf6 47. Rb8 Ke5 48. Rb5+ Kd4 49. Rxf5 Rxa2 50. Rf8 Ra5 51. Ke2 Kc3 52. Rc8+ Kb2 53. Rd8 b3 54. Kd1 Ka1 55. Rb8 b2 0-1

[Event "Mexican op 66th"]
[Site "Villahermosa"]
[Date "2021.08.08"]
[Round "8"]
[White "Cruz Castaneda, Luis"]
[Black "Hernandez Santa Cruz Verazas, Pablo Jose"]
[Result "0-1"]
[WhiteElo "1963"]
[BlackElo "1900"]
[PlyCount "108"]
[EventDate "2021.08.04"]
[EventType "swiss"]
[EventRounds "8"]
[EventCountry "MEX"]
[SourceTitle "CBM 203 Extra"]
[Source "ChessBase"]
[SourceDate "2021.09.30"]
[SourceVersion "1"]
[SourceVersionDate "2021.09.30"]
[SourceQuality "1"]

1. e4 e5 2. Nf3 Nc6 3. Nc3 Nf6 4. Bb5 d6 5. d4 exd4 6. Nxd4 Bd7 7. Bxc6 bxc6 8. Qf3 c5 9. Nf5 Bxf5 10. exf5 Be7 11. 0-0 0-0 12. Re1 Qd7 13. g4 Kh8 14. g5 Ng8 15. Nd5 Rae8 16. Bd2 Bd8 17. f6 gxf6 18. Bc3 c6 19. Ne3 d5 20. Ng4 d4 21. Bd2 fxg5 22. Ne5 Qe6 23. Nxc6 Qf6 24. Qd5 Rxe1+ 25. Rxe1 Bc7 26. Bxg5 Bxh2+ 27. Kg2 Qd6 28. Qf3 Qg6 29. Qd5 Bf4 30. Qxc5 Bxg5 31. Ne5 Qg7 32. Kf3 Qf6+ 33. Ke2 Re8 34. Kd3 Qa6+ 35. Kxd4 Rxe5 36. Rxe5 Bf6 37. f4 Bxe5+ 38. fxe5 Qb6 39. b4 Ne7 40. Qxb6 axb6 41. b5 h5 42. a4 h4 43. Ke4 Ng6 44. c3 h3 45. Kf3 Nxe5+ 46. Kg3 Kg7 47. Kxh3 Nc4 48. Kg4 Kf6 49. Kf4 Ke6 50. Ke4 f5+ 51. Kf4 Kf6 52. Kf3 Ke5 53. Kf2 Kf4 54. Ke2 Ke4 0-1

[Event "Mexican op 66th"]
[Site "Villahermosa"]
[Date "2021.08.04"]
[Round "1"]
[White "Hernandez Santa Cruz Verazas, Pablo Jose"]
[Black "Capo Vidal, Uriel"]
[Result "0-1"]
[WhiteElo "1900"]
[BlackElo "2280"]
[PlyCount "46"]
[EventDate "2021.08.04"]
[EventType "swiss"]
[EventRounds "8"]
[EventCountry "MEX"]
[SourceTitle "CBM 203 Extra"]
[Source "ChessBase"]
[SourceDate "2021.09.30"]
[SourceVersion "1"]
[SourceVersionDate "2021.09.30"]
[SourceQuality "1"]

1. e4 c5 2. Nf3 Nc6 3. d4 cxd4 4. Nxd4 e5 5. Nb5 d6 6. N1c3 a6 7. Na3 b5 8. Nd5 Be7 9. Be3 Rb8 10. c3 Nf6 11. Nxf6+ Bxf6 12. Nc2 0-0 13. h4 Be6 14. Bd3 d5 15. Qh5 g6 16. Qf3 d4 17. Bh6 Bg7 18. Bxg7 Kxg7 19. h5 Qg5 20. h6+ Kg8 21. Qg3 Qxg3 22. fxg3 Rfd8 23. Ke2 Bg4+ 0-1